000
00266nam a2200109 a 4500
005
20200930073705.0
008
111004s1993 000 spa d
020
_a
0135881870
245
0
_a
Sistemas oerativos modernos.
260
_a
Toronto,
_c
1993.
999
_c
33910
_d
33910
040
_a
DO-SdBNP